A Handbook of Computer security (Record no. 60763)

000 -LEADER
fixed length control field 00674nam a22002057a 4500
003 - CONTROL NUMBER IDENTIFIER
control field NUST-PNEC
005 - DATE AND TIME OF LATEST TRANSACTION
control field 20170116180707.0
008 - FIXED-LENGTH DATA ELEMENTS--GENERAL INFORMATION
fixed length control field 140927b xxu||||| |||| 00| 0 eng d
020 ## - INTERNATIONAL STANDARD BOOK NUMBER
International Standard Book Number 0749400684
040 ## - CATALOGING SOURCE
Transcribing agency PNEC
082 ## - DEWEY DECIMAL CLASSIFICATION NUMBER
Classification number 621.38'195 HEA
100 ## - MAIN ENTRY--PERSONAL NAME
9 (RLIN) 376
Personal name Hearnden, Keith
245 ## - TITLE STATEMENT
Title A Handbook of Computer security
Statement of responsibility, etc. Keith Hearnden
250 ## - EDITION STATEMENT
Edition statement Revised Edition
260 ## - PUBLICATION, DISTRIBUTION, ETC.
Place of publication, distribution, etc. London
Name of publisher, distributor, etc. Kogan Page
Date of publication, distribution, etc. c1990.
300 ## - PHYSICAL DESCRIPTION
Extent 218 p. :
Other physical details ill. :
Dimensions 23 cm.
500 ## - GENERAL NOTE
General note Includes Index http://www.amazon.com/Handbook-Computer-Security-Keith-Hearnden/dp/0749400684/ref=sr_1_1?s=books&ie=UTF8&qid=1411796729&sr=1-1&keywords=0749400684
650 ## - SUBJECT ADDED ENTRY--TOPICAL TERM
General subdivision MIS
942 ## - ADDED ENTRY ELEMENTS (KOHA)
Source of classification or shelving scheme
Koha item type Book
Holdings
Withdrawn status Lost status Source of classification or shelving scheme Damaged status Not for loan Permanent Location Current Location Shelving location Date acquired Source of acquisition Cost, normal purchase price Total Checkouts Full call number Barcode Date last seen Cost, replacement price Price effective from Koha item type
          Pakistan Navy Engineering College (PNEC) Pakistan Navy Engineering College (PNEC) Reference 10/24/1998 Royal Books 676.64   621.38'195 HEA PNECLIB-017196 09/27/2014 676.64 09/27/2014 Book
© 2023 Central Library, National University of Sciences and Technology. All Rights Reserved.